Texas prospectors and historians map.

Bibliographic Details
Other Authors: Smith, Harley (Cartographer), Smith, Vera (Cartographer), Breen, Bud, 1927-2005 (Illustrator)
Format: Map
Language:English
Published: Odessa, Texas : Harley & Vera Smith, [1965]
Subjects:

MARC

Tag First Indicator Second Indicator Subfields
LEADER 00000cem a2200000 i 4500
001 in00001116213
007 aj canzn
008 711126t19651965txu a 1 eng
005 20260327145126.9
010 |a gm 71004414  
017 |a A747313  |b U.S. Copyright Office 
019 |a 1002185360  |a 1379817561 
029 1 |a AU@  |b 000041959484 
034 1 |a a  |b 1900800  |d W1063800  |e W0932800  |f N0363100  |g N0254700  |2 bound 
035 |z (OCoLC)1002185360  |z (OCoLC)1379817561 
035 |a (OCoLC)5568613 
040 |a DLC  |b eng  |e rda  |c DLC  |d OCLCQ  |d OCLCF  |d OCLCQ  |d OCLCO  |d TAMSA  |d OCLCA  |d OCLCQ  |d OCLCL  |d TXA 
043 |a n-us-tx 
050 0 0 |a G4031.S1 1965  |b .S5 
050 4 |a G4031.E75 1965  |b .S64 
052 |a 4031 
100 1 |a Smith, Harley,  |e cartographer. 
245 1 0 |a Texas prospectors and historians map. 
255 |a Scale approximately 1:1,900,800. 1 in. = aprox. 30 miles  |c (W 106°38ʹ00ʺ--W 93°28ʹ00ʺ/N 36°31ʹ00ʺ--N 25°47ʹ00ʺ). 
264 1 |a Odessa, Texas :  |b Harley & Vera Smith,  |c [1965] 
264 4 |c ©1965 
300 |a 1 map :  |b color ;  |c 55 x 73 cm 
336 |a cartographic image  |b cri  |2 rdacontent 
337 |a unmediated  |b n  |2 rdamedia 
338 |a sheet  |b nb  |2 rdacarrier 
510 4 |a LC Treasure maps (2nd ed.)  |c 114 
500 |a Shows ghost towns, forts, Indian camps, buried treasure, trails, rivers, missions. 
500 |a Includes illustrations and indexes to points of interest and to "legendary buried treasures." 
500 |a Includes continuation section. 
650 0 |a Prospecting  |z Texas  |v Maps. 
650 0 |a Treasure troves  |z Texas  |v Maps. 
650 0 |a Ghost towns  |z Texas  |v Maps. 
650 0 |a Fortification  |z Texas  |v Maps. 
651 0 |a Texas  |v Maps. 
650 7 |a Ghost towns.  |2 fast  |0 (OCoLC)fst00942431 
650 7 |a Treasure troves.  |2 fast  |0 (OCoLC)fst01431639 
651 7 |a Texas.  |2 fast  |0 (OCoLC)fst01210336  |1 https://id.oclc.org/worldcat/entity/E39PBJj8XjVR9hP7dPxwVtRqcP 
655 7 |a Maps.  |2 fast  |0 (OCoLC)fst01423704 
655 7 |a Thematic maps.  |2 lcgft 
700 1 |a Smith, Vera,  |e cartographer 
700 1 |a Breen, Bud,  |d 1927-2005,  |e illustrator. 
948 |h HELD BY TXA - 5 OTHER HOLDINGS 
994 |a Z0  |b TXA 
999 f f |s 2dbb4e98-d49f-32fd-911e-76ea0d2fcf4e  |i 50580bca-9e2a-3dd2-9ec5-57a55f10ec62  |t 0 
952 f f |p normal  |a Texas A&M University  |b College Station  |c Sterling C. Evans Library  |s Evans Maps and GIS  |d Evans: Maps (2nd floor)  |t 0  |e G4031.S1 1965 .S5  |h Library of Congress classification  |i unmediated -- sheet  |m A14816909811 
952 f f |p noncirc  |a Texas A&M University  |b College Station  |c Cushing Memorial Library & Archives  |s cush kels  |d Cushing: Kelsey Americana (Does not check out)  |t 0  |e G4031.E75 1965 .S64  |f Flat File  |h Library of Congress classification  |i unmediated -- sheet  |m A14853512376 
998 f f |a G4031.E75 1965 .S64  |t 0  |l Cushing: Kelsey Americana (Does not check out) 
998 f f |a G4031.S1 1965 .S5  |t 0  |l Evans: Maps (2nd floor)